000 00726nam a22002177a 4500
003 koha_MIRAKIL
005 20260414112403.0
008 260414b tur||||| |||| 00| 0 tur d
020 _a9786051883595
040 _aTR-IsEVY
_btur
_cTR-IsEVY
082 _aFIC VER/S
100 _aVerne, Jules
245 0 _aSeksen günde Dünya turu /
_cJules Verne ; uyarlayan Deanna McFadden ; resimleyen Jamel Akib.
260 _aİstanbul :
_bBeyaz Balina Yayınları,
_c2007
300 _a144 s. :
_bresimli ;
_c20 cm.
490 0 _aKlasikleri Okuyorum.
650 _aÇocuk edebiyatı.
_vÇocuk Hikayeleri.
_vÇocuk Klasikleri.
700 1 _aAkib, Jamel.
_cresimleyen.
700 1 _aMcFadden, Deanna.
_cuyarlayan.
942 _2ddc
_cBK
999 _c23465
_d23465